000 00606nam a22001697a 4500
999 _c20124
_d20124
005 20180322152935.0
008 180322b ck ||||| |||| 00| 0 spa d
040 _aCO-BoIAVH
_cCO-BoIAVH
041 _aspa
044 _ack
090 _aFG-
_b0265
110 2 _aColombia.
_bCorporación Autónoma Regional del César Corpocesar
245 1 0 _aReserva forestal protectora nacional cuenca alta del Caño Alonso, Departamento del Cesar:
_blineamientos de manejo
260 _aValledupar:
_bCorpocesar,
_c2014.
300 _a31 páginas,
_bfotografías, tablas y mapas a color,
942 _2z
_cFolleto